[Event "EU-ch Seniors 50 17h"]
[Site "Sabadell"]
[Date "2017.08.16"]
[Round "5"]
[White "Melero Sanchez, Pere"]
[Black "Druckenthaner, Andreas"]
[Result "0-1"]
[WhiteElo "1824"]
[BlackElo "2278"]
[PlyCount "64"]
[EventDate "2017.08.12"]
[EventType "swiss"]
[EventRounds "9"]
[EventCountry "ESP"]
[SourceTitle "CBM 180 Extra"]
[Source "ChessBase"]
[SourceDate "2017.10.06"]
[SourceVersion "1"]
[SourceVersionDate "2017.10.06"]
[SourceQuality "1"]

1. e4 e5 2. Nf3 Nc6 3. Bc4 Bc5 4. b4 Bxb4 5. c3 Bf8 6. d4 exd4 7. cxd4 Bb4+ 8. Nbd2 Nf6 9. Qb3 Qe7 10. 0-0 Na5 11. Qc2 Nxc4 12. Qxc4 d5 13. exd5 0-0 14. Rb1 a5 15. Rb3 b6 16. Qc6 Ba6 17. Re1 Qd6 18. a3 Nxd5 19. Qc2 Bxd2 20. Bxd2 a4 21. Rbe3 Nxe3 22. Rxe3 c5 23. Qe4 Bb5 24. Ng5 Qg6 25. Qf4 Rae8 26. h4 Rxe3 27. Bxe3 cxd4 28. Bxd4 h6 29. Qe5 Bc6 30. f4 hxg5 31. fxg5 Re8 32. Qg3 Qe4 0-1

[Event "EU-ch Seniors 50 17h"]
[Site "Sabadell"]
[Date "2017.08.15"]
[Round "4"]
[White "Muratet Casadevall, Albert"]
[Black "Melero Sanchez, Pere"]
[Result "1-0"]
[WhiteElo "2193"]
[BlackElo "1824"]
[PlyCount "62"]
[EventDate "2017.08.12"]
[EventType "swiss"]
[EventRounds "9"]
[EventCountry "ESP"]
[SourceTitle "CBM 180 Extra"]
[Source "ChessBase"]
[SourceDate "2017.10.06"]
[SourceVersion "1"]
[SourceVersionDate "2017.10.06"]
[SourceQuality "1"]

1. e4 e6 2. d4 d5 3. Nc3 Bb4 4. e5 c5 5. Bd2 cxd4 6. Nb5 Bc5 7. Qg4 Kf8 8. Nf3 Nc6 9. Qf4 Qb6 10. a4 f6 11. exf6 gxf6 12. Qh4 e5 13. Bh6+ Nxh6 14. Qxh6+ Kf7 15. Be2 Bf5 16. g4 Bxc2 17. g5 Qd8 18. Rc1 Bb4+ 19. Kf1 Bg6 20. gxf6 Qxf6 21. Qh3 Bf5 22. Qh5+ Ke7 23. Nh4 Raf8 24. Nxf5+ Qxf5 25. Qh4+ Qf6 26. Qxf6+ Rxf6 27. Rg1 Rg6 28. Rg3 Rxg3 29. hxg3 a6 30. Nc7 Kd6 31. Nxa6 bxa6 1-0